Rappers with a #1 Hit: Sudden Death - Statistics

General Stats
  • This quiz has been taken 243 times
  • The average score is 3 of 16
Answers on the Grid
Answers color-coded by a green-red scale on the quiz's grid according to % correct below.
21 Savage
ASAP Rocky
Chance the Rapper
Dave
DMX
Eminem
Future
Glorilla
Ice Cube
Ice Spice
J. Cole
Jack Harlow
JID
Juice Wrld
Kodak Black
Latto
Lauryn Hill
Lil Baby
Lupe Fiasco
Nas
Nicki Minaj
PinkPantheress
Playboi Carti
Post Malone
Pusha T
Rich the Kid
The Notorious B.I.G.
Travis Scott
Twista
Ty Dolla Sign
Tyga
Tyler, the Creator
 
Answer Stats
Answer % Correct
Eminem
56%
21 Savage
51%
Future
32%
Travis Scott
23%
J. Cole
22%
Post Malone
21%
The Notorious B.I.G.
17%
Nicki Minaj
15%
Jack Harlow
14%
Chance the Rapper
12%
Lauryn Hill
9%
Playboi Carti
6%
Twista
6%
Rich the Kid
5%
Latto
4%
Ty Dolla Sign
4%
No matching quizzes found
Score Distribution
Percent of People with Each Score
Percentile by Number Answered
Your Score History
You have not taken this quiz